000 00622nam a22002057a 4500
003 CUTN
005 20260410094339.0
008 260410b |||||||| |||| 00| 0 eng d
020 _a9788199032965
041 _aTamil
082 _223rd
_a894.8111
_bSEE
100 _aசீனு ராமசாமி
245 _aநதியழகி
250 _aஇரண்டாம் பதிப்பு
260 _aசென்னை:
_bநாதன் பதிப்பகம்,
_c2025.
300 _a76p.,
650 _aகவிதைகள்
650 _aசீனு ராமசாமி
942 _2ddc
_cTAM
999 _c49329
_d49329